000 00619nam a2200205Ia 4500
005 20250508164954.0
008 008 250505s9999 xx 000 0 eng d
037 _aTextual
040 _aFEDL
_beng
_cFEDL
041 _aeng
_2eng
084 _a323.095 4, SIN
_qFEDL
100 _aSingh Ujjwal Kumar Ed.
_9462130
245 0 _aHuman rights and peace : Ideas, laws, institutions and movements
260 _aLos Angeles, USA
_bSage
_c2009
300 _axvii,345p.
365 _aINR
_b420
490 _aSouth Asian Peace Studies. V.4
942 _cTEXL
_h323.095 4, SIN
999 _c1392405
_d1392405